Statistiques concernant Personnages les plus mentionnés dans les Hunger Games

Cliquez ici pour prendre le quiz!

Statistiques générales

  • Ce quiz a été pris 2 518 fois
    (1 904 depuis la dernière actualisation)
  • Le résultat moyen est 21 sur 62

Statistiques - réponses

MentionsPersonnages% Correct
319Katniss Everdeen
99%
1664Peeta Mellark
96%
239Coriolanus Snow
90%
293Primrose Everdeen
90%
649Gale Hawthorne
85%
465Finnick Odair
79%
209Rue
79%
715Haymitch Abernathy
78%
195Effie Trinket
73%
160Johanna Mason
66%
138Cato
63%
239Cinna
59%
117Alma Coin
54%
36Clove
54%
49Annie Cresta
50%
67Thresh
49%
235Beetee Latier
47%
119Caesar Flickerman
43%
32La Renarde
43%
63Mags
43%
28Glimmer
42%
207Plutarch Heavensbee
41%
12Seneca Crane
40%
55Pollux
31%
257Mme Everdeen
30%
65Wiress
30%
19Castor
29%
32Tigris
29%
38Enobaria
28%
33Brutus
26%
133Boggs
25%
46Buttercup
24%
93M. Everdeen
22%
94Cressida
21%
45Octavia
21%
49Portia
20%
11Gloss
19%
10Cashmere
18%
24Flavius
18%
43Madge Undersee
18%
14Claudius Templesmith
14%
21Chaff
13%
20Leeg 1
13%
32Sae Boui-Boui
13%
39Jackson
12%
22Messalla
11%
35Venia
11%
17Commandante Paylor
10%
34Hazelle Hawthorne
10%
30Darius
8%
17Homes
8%
15Mitchell
8%
11Seeder
8%
11Commandante Lyme
7%
11Posy Hawthorne
7%
24Romulus Thread
7%
14Cray
5%
35Bonnie
4%
41Delly Cartwright
4%
39Fulvia
4%
17Maysilee Donner
3%
38Twill
3%

Distribution des résultats

Percentile par nombre de réponses

% des personnes avec chaque résultat

Votre développement - résultats

Vous n’avez pas pris ce quiz depuis la dernière actualisation